IFM Opac

Economics, politics and administration in government lending. (Record no. 13074)

MARC details
000 -LEADER
fixed length control field 00373nam a22001337a 4500
082 ## - DEWEY DECIMAL CLASSIFICATION NUMBER
Classification number 338.9669SCH.
100 ## - MAIN ENTRY--PERSONAL NAME
Personal name Schatz, S.P.
245 ## - TITLE STATEMENT
Title Economics, politics and administration in government lending.
260 ## - PUBLICATION, DISTRIBUTION, ETC.
Place of publication, distribution, etc. Ibadan.
Name of publisher, distributor, etc. Oxford University Press.
Date of publication, distribution, etc. 1970.
300 ## - PHYSICAL DESCRIPTION
Extent xiv, 146p.
Other physical details 23cm.
500 ## - GENERAL NOTE
General note Includes appendix and index.
650 ## - SUBJECT ADDED ENTRY--TOPICAL TERM
Topical term or geographic name entry element Economics.
942 ## - ADDED ENTRY ELEMENTS (KOHA)
Koha item type Books
Holdings
Withdrawn status Lost status Source of classification or shelving scheme Damaged status Not for loan Home library Current library Shelving location Date acquired Full call number Barcode Date last seen Price effective from Koha item type
    Dewey Decimal Classification     IFM Main Campus Library IFM Main Campus Library   10/27/2015 368.4 WOM 0000001729 10/27/2015 10/27/2015 Books
    Dewey Decimal Classification     IFM Main Campus Library IFM Main Campus Library   10/27/2015 368.4 WOM 0000010157 10/27/2015 10/27/2015 Books
    Dewey Decimal Classification     IFM Main Campus Library IFM Main Campus Library   10/27/2015 368.4 WOM 0000010155 10/27/2015 10/27/2015 Books
    Dewey Decimal Classification     IFM Main Campus Library IFM Main Campus Library   10/27/2015 368.4 WOM 0000010158 10/27/2015 10/27/2015 Books
    Dewey Decimal Classification     IFM Main Campus Library IFM Main Campus Library   10/27/2015 368.4 WOM 0000010163 10/27/2015 02/19/2022 Books